Human-computer interaction / (Record no. 168)
[ view plain ]
| 000 -LEADER | |
|---|---|
| fixed length control field | 00796cam a22002412 4500 |
| 001 - CONTROL NUMBER | |
| control field | 0000000309 |
| 005 - DATE AND TIME OF LATEST TRANSACTION | |
| control field | 20151021151045.0 |
| 008 - FIXED-LENGTH DATA ELEMENTS--GENERAL INFORMATION | |
| fixed length control field | 070122s xx 000 0 eng d |
| 020 ## - INTERNATIONAL STANDARD BOOK NUMBER | |
| International Standard Book Number | 812970409 : |
| Terms of availability | KES 3,600 |
| 040 ## - CATALOGING SOURCE | |
| Original cataloging agency | KABU |
| Transcribing agency | KABU |
| 050 #0 - LIBRARY OF CONGRESS CALL NUMBER | |
| Classification number | QA76.9 |
| Item number | .H85H86 2004 |
| 245 10 - TITLE STATEMENT | |
| Title | Human-computer interaction / |
| Statement of responsibility, etc. | Alan Dix ... [et al.] |
| 250 ## - EDITION STATEMENT | |
| Edition statement | 3rd ed. |
| 260 ## - PUBLICATION, DISTRIBUTION, ETC. (IMPRINT) | |
| Place of publication, distribution, etc. | Delhi : |
| Name of publisher, distributor, etc. | Pearson Educ., |
| Date of publication, distribution, etc. | 2004. |
| 300 ## - PHYSICAL DESCRIPTION | |
| Extent | xxv, 834 p. |
| 650 #0 - SUBJECT ADDED ENTRY--TOPICAL TERM | |
| Topical term or geographic name as entry element | Human-computer interaction. |
| -- | 0000148431 |
| 700 1# - ADDED ENTRY--PERSONAL NAME | |
| Personal name | Dix, Alan. |
| -- | 0000148432 |
| 908 ## - PUT COMMAND PARAMETER (RLIN) | |
| Put command parameter | 070122 |
| 950 ## - LOCAL HOLDINGS (RLIN) | |
| -- | 1 |
| Withdrawn status | Lost status | Source of classification or shelving scheme | Not for loan | Home library | Current library | Date acquired | Total Checkouts | Full call number | Barcode | Date last seen | Date last checked out | Price effective from | Koha item type | Total Renewals |
|---|---|---|---|---|---|---|---|---|---|---|---|---|---|---|
| Library of Congress Classification | Kabarak, Nakuru City Campus | Kabarak, Main Campus | 21/10/2015 | 1 | QA76.9 .H85H86 2004 c. 1 | 005644 | 03/07/2024 | 20/06/2024 | 21/10/2015 | General Collection | ||||
| Library of Congress Classification | Kabarak, Main Campus | Kabarak, Main Campus | 17/12/2015 | 7 | QA76.9 .H85H86 2004 c. 1 | 003475 | 20/04/2026 | 25/01/2026 | 17/12/2015 | General Collection | 1 | |||
| Library of Congress Classification | Kabarak, Main Campus | Kabarak, Main Campus | 17/12/2015 | 7 | QA76.9 .H85H86 2004 c. 2 | 003511 | 27/06/2024 | 27/05/2024 | 17/12/2015 | General Collection | 1 | |||
| Library of Congress Classification | Kabarak, Nakuru City Campus | Kabarak, Nakuru City Campus | 21/10/2015 | QA76.9 .H85H86 2004 c. 2 | 005645 | 21/10/2015 | 21/10/2015 | General Collection | ||||||
| Library of Congress Classification | Kabarak, Nakuru City Campus | Kabarak, Nakuru City Campus | 21/10/2015 | QA76.9 .H85H86 2004 c. 3 | 005646 | 21/10/2015 | 21/10/2015 | General Collection |